| 000 | 01006nas a2200325 4500 | ||
|---|---|---|---|
| 001 | BR0205072 | ||
| 003 | BR-BrBNA | ||
| 005 | 20231205103313.0 | ||
| 007 | ta | ||
| 008 | 230509b bl.|||p| |||| 00| 00por d | ||
| 040 |
_aBR-BrBNA _bpor _cBiblioteca Nacional de Agricultura |
||
| 041 | _a(Pt) | ||
| 072 | _aN20; H60 | ||
| 100 | 1 | _aFurlanetti, A.C. | |
| 100 | 1 | _aMatuo, T. | |
| 100 | 1 | _aBarbosa, J.C. | |
| 245 | 1 | _aUniformidade de deposição da calda de pulverização de herbicidas em barra lateral protegida com diferentes combinações de pontas de pulverização | |
| 650 | _aFRUTICULTURA | ||
| 650 | _aSILVICULTURA | ||
| 650 | _aHEVEICULTURA | ||
| 650 | _aCAFEICULTURA | ||
| 650 | _aERVA DANINHA | ||
| 650 | _aHERBICIDA | ||
| 650 | _aPULVERIZAÇÃO | ||
| 650 | _aIMPLEMENTO AGRÍCOLA | ||
| 650 | _aTRATOR | ||
| 773 | 0 |
_tPlanta Daninha (Brazil) _xISSN 0100-8358 _g(Sep-Dec 2001), v. 19(3) p. 445-455 _wBR0205072 |
|
| 909 |
_a202311 _bLúcia _c55 _dLúcia Elande |
||
| 942 |
_2AGRIS _n0 _cANA |
||
| 999 |
_c172173 _d172173 |
||